LEADER 00490nab a2200145 i 4500 001 000000309587 003 CaOOAMICUS 005 20180831172957.0 008 180831n xx uu u0 0und r 013 $a18680 040 $aSeMil$bita 100 1 $aPrada, Pietro.$0(OLS)http://semarc/name/20462 245 13$aIl direttore della Riforma e la Scuola Cattolica. 773 0 $t[Luglio-Dicembre].$g359-363$w()273977 996 $6245$aIl direttore della Riforma e la Scuola Cattolica$9(OLS)http://semarc/title/384611 LEADER 00620nam a2200181 i 4500 001 000000253480 003 CaOOAMICUS 005 20170324000000.0 008 170324s1812 xx u000 u fre u 013 $a232385 026 $ames. mee. u-us cete (3) 1812 (A) 040 $aSeMil$bita 245 10$aTome 2. 300 $a224 p. 773 0 $tElemens de chronologie historique; par Frédéric Schoell. Tome 1. [- 2].$dA Paris : Chez Fr. Schoell, 1812.$g2$w()33705 850 $aSeMil 852 $aSeMil$W1$xVenegono$y1$m2ZB VI 7 FA$j203826$B203826$CSeMilBibl$Z2$F217221 $8I 996 $6245$aTome 2$9(OLS)http://semarc/title/1533 LEADER 01245nam a2200277 i 4500 001 000000065243 003 CaOOAMICUS 005 20130821000000.0 008 130821s2012 it u000 u ita u 013 $a36415 020 $a978-88-8071-214-5 040 $aSeMil$bita 100 1 $aSoncini, Umberto.$0(OLS)http://semarc/name/32807 245 13$aIl trascendentale nel novecento filosofico :$briflessioni teoretiche /$cUmberto Soncini. 260 $aReggio Emilia :$bEdizioni San Lorenzo,$c2012. 300 $a103 p. ;$c19 cm. 600 14$aBontadini, Gustavo <1903-1990>.$0(OLS)http://semarc/subject/2992 650 4$aFilosofia trascendentale.$0(OLS)http://semarc/subject/9474 650 4$aPaci, Enzo.$0(OLS)http://semarc/subject/11000 650 4$aTrascendentalismo.$0(OLS)http://semarc/subject/12721 850 $aSeMil 852 $aSeMil$W1$xVenegono$y1$m2P I 781$j31396$B31396$CSeMilBibl$Z2$F31399 $81 961 $aOmaggio: Conti don Ermenegildo 996 $6020$a978-88-8071-214-5$9(OLS)http://semarc/number/42496 996 $6245$aIl trascendentale nel novecento filosofico :$briflessioni teoretiche$9(OLS)http://semarc/title/103513 996 $6260$aReggio Emilia :$bEdizioni San Lorenzo$9(OLS)http://semarc/publisher/33336 LEADER 01217nam a2200277 i 4500 001 000000077201 003 CaOOAMICUS 005 20140319000000.0 008 140319s1996 fr u000 u fre u 013 $a48373 020 $a2-204-05264-7 040 $aSeMil$bita 100 1 $aBreck, Jean.$0(OLS)http://semarc/name/37981 240 14$aThe power of the word.$0(OLS)http://semarc/title/125325 245 13$aLa puissance de la Parole :$bune introduction à l'herméneutique orthodoxe /$cJean Breck. 260 $aParis :$bLes Éditions du Cerf,$ccopyr. 1996. 300 $a236 p. ;$c24 cm. 490 0 $aThéologies 500 $aIn mezzo al front : Traduit de l'anglais avec le concours de l'auteur. 650 4$aTeologia ortodossa.$0(OLS)http://semarc/subject/2276 830 0$aThéologies.$0(OLS)http://semarc/title/9365 850 $aSeMil 852 $aSeMil$W1$xVenegono$y1$m2N VI 384$j43353$B43353$CSeMilBibl$Z2$F71566 $81 996 $6020$a2-204-05264-7$9(OLS)http://semarc/number/58711 996 $6245$aLa puissance de la Parole :$bune introduction à l'herméneutique orthodoxe$9(OLS)http://semarc/title/125324 996 $6260$aParis :$bLes Éditions du Cerf$9(OLS)http://semarc/publisher/29611